Cẩm nang tổ chức và quản trị hành chính văn phòng
Bewaard in:
| Hoofdauteur: | |
|---|---|
| Formaat: | Boek |
| Taal: | Undetermined |
| Gepubliceerd in: |
H.
Tài Chính
2003
|
| Onderwerpen: | |
| Tags: |
Voeg label toe
Geen labels, Wees de eerste die dit record labelt!
|
| Thư viện lưu trữ: | Trung tâm Học liệu Trường Đại học Cần Thơ |
|---|
| LEADER | 00590nam a2200193Ia 4500 | ||
|---|---|---|---|
| 001 | CTU_56996 | ||
| 008 | 210402s9999 xx 000 0 und d | ||
| 020 | |c 75000 | ||
| 082 | |a 658.4092 | ||
| 082 | |b C121 | ||
| 100 | |a Hồ, Ngọc Cẩn | ||
| 245 | 0 | |a Cẩm nang tổ chức và quản trị hành chính văn phòng | |
| 245 | 0 | |c Hồ Ngọc Cẩn | |
| 260 | |a H. | ||
| 260 | |b Tài Chính | ||
| 260 | |c 2003 | ||
| 650 | |a executives,organizational behavior,business enterprises | ||
| 650 | |x management | ||
| 980 | |a Trung tâm Học liệu Trường Đại học Cần Thơ | ||